<?xml version="1.0" encoding="UTF-8"?>
<record
    xmlns:xsi="http://www.w3.org/2001/XMLSchema-instance"
    xsi:schemaLocation="http://www.loc.gov/MARC21/slim http://www.loc.gov/standards/marcxml/schema/MARC21slim.xsd"
    xmlns="http://www.loc.gov/MARC21/slim">

  <leader>01655nam a22002657a 4500</leader>
  <controlfield tag="001">114117</controlfield>
  <controlfield tag="003">DR-UNIBE</controlfield>
  <controlfield tag="005">20260423112457.0</controlfield>
  <controlfield tag="008">251001b2000    dr ||||| |||| 00| 0 mul d</controlfield>
  <datafield tag="020" ind1=" " ind2=" ">
    <subfield code="a">9993423122</subfield>
  </datafield>
  <datafield tag="040" ind1=" " ind2=" ">
    <subfield code="a">BIBLIOTECA UNIBE</subfield>
    <subfield code="b">spa</subfield>
    <subfield code="c">BIBLIOTECA UNIBE</subfield>
    <subfield code="e">rda</subfield>
  </datafield>
  <datafield tag="041" ind1=" " ind2=" ">
    <subfield code="h">spa</subfield>
    <subfield code="a">spa</subfield>
    <subfield code="a">eng</subfield>
    <subfield code="a">fre</subfield>
  </datafield>
  <datafield tag="082" ind1=" " ind2=" ">
    <subfield code="a">726.5  D925b</subfield>
  </datafield>
  <datafield tag="100" ind1="1" ind2=" ">
    <subfield code="a">Dunoyer de Segonzac, Andr&#xE9;</subfield>
    <subfield code="q">(Dunoyer de Segonzac, Andr&#xE9;-Jacques)</subfield>
    <subfield code="d">1915-1974</subfield>
    <subfield code="e">autor</subfield>
    <subfield code="9">204323</subfield>
  </datafield>
  <datafield tag="245" ind1="1" ind2="0">
    <subfield code="a">Bas&#xED;lica Nuestra Se&#xF1;ora de La Altagracia /</subfield>
    <subfield code="c">Andr&#xE9; Dunoyer de Segonzac</subfield>
  </datafield>
  <datafield tag="260" ind1=" " ind2=" ">
    <subfield code="a">Santo Domingo :</subfield>
    <subfield code="b">Banco Popular</subfield>
    <subfield code="c">2000</subfield>
  </datafield>
  <datafield tag="300" ind1=" " ind2=" ">
    <subfield code="a">343 p&#xE1;ginas : </subfield>
    <subfield code="b">ilustraciones (blanco y negro y color) ;</subfield>
    <subfield code="c"> 29 cm </subfield>
    <subfield code="e">+ 1 cuadernillo (4 hojas)</subfield>
  </datafield>
  <datafield tag="505" ind1=" " ind2=" ">
    <subfield code="a">PRIMERA PARTE ASPECTOS HIST&#xD3;RICOS Y RELIGIOSOS |
 Historia del culto altagraciano |
 La situaci&#xF3;n geogr&#xE1;fica y sus relaciones con el edificio |
 Situaci&#xF3;n de los autores durante el concurso (1947) |
 Sobre el desarrollo del estudio |
SEGUNDA PARTE ESTUDIO CR&#xCD;TICO |
 A/ Del programa |
 B/ Concepto general |
 C/ Los elementos del edificio como respuesta a las funciones |
 D/ El nacimiento de los sistemas de formas, su adaptaci&#xF3;n al discurso arquitect&#xF3;nico |
 E/ La arquitect&#xF3;nica: modelatura y paramentos |
 F/ Sistema de los vitrales |
 G/ Las modificaciones posteriores al proyecto de ejecuci&#xF3;n |
</subfield>
  </datafield>
  <datafield tag="650" ind1=" " ind2="7">
    <subfield code="2">lemb</subfield>
    <subfield code="a">Iglesia catolica</subfield>
    <subfield code="x">Historia</subfield>
    <subfield code="9">28763</subfield>
  </datafield>
  <datafield tag="650" ind1=" " ind2="7">
    <subfield code="2">lemb</subfield>
    <subfield code="a">Dise&#xF1;o arquitect&#xF3;nico</subfield>
  </datafield>
  <datafield tag="700" ind1=" " ind2=" ">
    <subfield code="a">Moya Pons, Frank, </subfield>
    <subfield code="q">(Moya Pons, Rafael Francisco),</subfield>
    <subfield code="d">1944-</subfield>
    <subfield code="9">199245</subfield>
    <subfield code="e">editor</subfield>
  </datafield>
  <datafield tag="700" ind1=" " ind2=" ">
    <subfield code="a">Gauge,  Jean Alexis </subfield>
    <subfield code="e">traductor</subfield>
    <subfield code="9">199464</subfield>
  </datafield>
  <datafield tag="700" ind1=" " ind2=" ">
    <subfield code="a">Solomon, Denis </subfield>
    <subfield code="e">traductor</subfield>
    <subfield code="9">199465</subfield>
  </datafield>
  <datafield tag="942" ind1=" " ind2=" ">
    <subfield code="2">ddc</subfield>
    <subfield code="c">BK</subfield>
  </datafield>
  <datafield tag="999" ind1=" " ind2=" ">
    <subfield code="c">114117</subfield>
    <subfield code="d">114117</subfield>
  </datafield>
  <datafield tag="952" ind1=" " ind2=" ">
    <subfield code="0">0</subfield>
    <subfield code="1">0</subfield>
    <subfield code="2">ddc</subfield>
    <subfield code="7">0</subfield>
    <subfield code="8">GEN</subfield>
    <subfield code="a">Principal</subfield>
    <subfield code="d">2025-08-01</subfield>
    <subfield code="l">0</subfield>
    <subfield code="o">726.5  D925b</subfield>
    <subfield code="p">251005</subfield>
    <subfield code="r">2025-10-10 12:29:10</subfield>
    <subfield code="t">Ej. 1</subfield>
    <subfield code="w">2025-10-10</subfield>
    <subfield code="y">BK</subfield>
  </datafield>
</record>
